00289nam a2200109Ia 4500008004100000041000800041100002700049245004800076260001900124650001500143999002100158240109s9999 xx 000 0 und d aeng aL.J.Kazmier , N.F.Pohi aBasic Statistics for Business and Economics bM.G.H Newyork  aManagement c1020504d1020504